[Event "OLNW 2324 Post SV Uelzen - Hamelner SV"]
[Site "?"]
[Date "2024.02.04"]
[Round "5.1"]
[White "Bode, Wilfried"]
[Black "Laubsch, Bernd"]
[Result "1/2-1/2"]
[WhiteElo "2340"]
[BlackElo "2209"]
[PlyCount "41"]
[EventDate "2024.??.??"]

1. d4 d5 2. Nf3 Nf6 3. c4 e6 4. e3 Nbd7 5. b3 Bb4+ 6. Nbd2 c5 7. Bb2 cxd4 8. exd4 O-O 9. a3 Be7 10. Bd3 b6 11. O-O Bb7 12. Qe2 Re8 13. Ng5 Nf8 14. f4 Bd6 15. Nh3 Rc8 16. Nf3 Ne4 17. b4 Ng6 18. g3 f5 19. c5 Be7 20. Rac1 Bf6 21. Rfd1 1/2-1/2

[Event "OLNW 2324 Post SV Uelzen - Hamelner SV"]
[Site "?"]
[Date "2024.02.04"]
[Round "5.2"]
[White "Wiegmann, Sascha"]
[Black "Tonndorf, Matthias"]
[Result "1-0"]
[WhiteElo "2307"]
[BlackElo "2165"]
[PlyCount "53"]
[EventDate "2024.??.??"]

1. Nf3 b5 2. e4 a6 3. d4 Bb7 4. Bd3 Nf6 5. e5 Nd5 6. a4 b4 7. O-O e6 8. Nbd2 Be7 9. Ne4 h6 10. a5 d6 11. c4 bxc3 12. bxc3 dxe5 13. Rb1 Qc8 14. Nxe5 Nf6 15. Qa4+ Kf8 16. Re1 Nxe4 17. Bxe4 Bxe4 18. Rxe4 Bd6 19. Nc4 f5 20. Re2 Kf7 21. Ba3 Bxa3 22. Ne5+ Kg8 23. Qxa3 Kh7 24. Qb3 c5 25. dxc5 Qxc5 26. Qxe6 Rf8 27. Rb7 1-0

[Event "OLNW 2324 Post SV Uelzen - Hamelner SV"]
[Site "?"]
[Date "2024.02.04"]
[Round "5.3"]
[White "Helmer, Jan"]
[Black "Knuedel, Torben"]
[Result "1/2-1/2"]
[WhiteElo "2212"]
[BlackElo "2296"]
[PlyCount "97"]
[EventDate "2024.??.??"]

1. d4 Nf6 2. c4 e6 3. Nf3 d5 4. g3 Be7 5. Bg2 O-O 6. O-O a5 7. Qd3 c6 8. Nbd2 b5 9. cxb5 cxb5 10. Qxb5 Ba6 11. Qa4 Bxe2 12. Re1 Ba6 13. Nb3 Bb4 14. Bd2 Qb6 15. Bxb4 axb4 16. Qa5 Qxa5 17. Nxa5 Bb5 18. Nb3 Nc6 19. Nfd2 Rfc8 20. Rec1 Kf8 21. Rc5 Ba4 22. f4 g6 23. Bf3 Ke7 24. Kf2 Kd6 25. Ke3 Nd7 26. Rcc1 Ne7 27. Bg4 h5 28. Bh3 Bxb3 29. axb3 Rxc1 30. Rxa8 Rc2 31. Ra4 Rxb2 32. Rxb4 Nc6 33. Ra4 Nb6 34. Ra6 Kc7 35. Bf1 Kb7 36. Ra1 Nxd4 37. Kxd4 Rxd2+ 38. Ke5 Rxh2 39. Kf6 h4 40. gxh4 Rxh4 41. Kxf7 Rxf4+ 42. Kxe6 Rb4 43. Bg2 Rd4 44. Ra5 Kc6 45. b4 Rxb4 46. Bxd5+ Nxd5 47. Rxd5 Re4+ 48. Re5 Rxe5+ 49. Kxe5 1/2-1/2

[Event "OLNW 2324 Post SV Uelzen - Hamelner SV"]
[Site "?"]
[Date "2024.02.04"]
[Round "5.4"]
[White "Bargsten, Justus"]
[Black "Renner, Kai"]
[Result "1-0"]
[WhiteElo "2206"]
[BlackElo "2082"]
[PlyCount "87"]
[EventDate "2024.??.??"]

1. d4 f5 2. c4 Nf6 3. Nf3 g6 4. e3 Bg7 5. b4 a5 6. b5 c6 7. Qb3 cxb5 8. cxb5 d5 9. Nc3 O-O 10. Ba3 b6 11. Rc1 Bb7 12. Ng5 Re8 13. Ne6 Qd7 14. Nxg7 Kxg7 15. Na4 Qd8 16. Qc2 Nbd7 17. Qc7 Qxc7 18. Rxc7 Rab8 19. Bd3 Rec8 20. Rxc8 Rxc8 21. Kd2 Kf7 22. f3 Ne8 23. h3 Ke6 24. g4 Ng7 25. Rg1 Kf6 26. gxf5 Nxf5 27. Rg4 Re8 28. Bb2 Ke6 29. Rf4 Ng7 30. e4 Nh5 31. Rh4 Rf8 32. Ke3 Kf7 33. e5 Ke6 34. f4 Kf7 35. f5 e6 36. fxe6+ Kxe6 37. Be2 Ng3 38. Bg4+ Nf5+ 39. Bxf5+ Rxf5 40. Rxh7 Rh5 41. Rxh5 gxh5 42. Kf4 Bc8 43. Ba3 h4 44. Bd6 1-0

[Event "OLNW 2324 Post SV Uelzen - Hamelner SV"]
[Site "?"]
[Date "2024.02.04"]
[Round "5.5"]
[White "Koch, Yannick"]
[Black "von Estorff, Jacob"]
[Result "0-1"]
[WhiteElo "1982"]
[BlackElo "2182"]
[PlyCount "70"]
[EventDate "2024.??.??"]

1. d4 d5 2. c4 e6 3. Nc3 Bb4 4. e3 Nf6 5. Nf3 O-O 6. Bd3 c5 7. O-O b6 8. Qe2 Bb7 9. Bd2 Nbd7 10. a3 cxd4 11. exd4 dxc4 12. Bxc4 Bd6 13. Bg5 Bxf3 14. Qxf3 Qc7 15. Bd3 Bxh2+ 16. Kh1 Bd6 17. Rac1 Qd8 18. Ba6 h6 19. Bh4 g5 20. Bg3 Bxg3 21. Qxg3 Qb8 22. Qh3 Qf4 23. Ne2 Qf5 24. Qxf5 exf5 25. f4 g4 26. Ng3 Ne4 27. Nxf5 Ndf6 28. Rfe1 Rad8 29. Kg1 Rfe8 30. Bb5 Re6 31. Bc4 Nd5 32. Nxh6+ Rxh6 33. Rxe4 Rc6 34. f5 b5 35. Rxg4+ Kf8 0-1

[Event "OLNW 2324 Post SV Uelzen - Hamelner SV"]
[Site "?"]
[Date "2024.02.04"]
[Round "5.6"]
[White "Askerov, Imamali"]
[Black "van Son, Lutz"]
[Result "1/2-1/2"]
[WhiteElo "1977"]
[BlackElo "2159"]
[PlyCount "104"]
[EventDate "2024.??.??"]

1. e4 e6 2. b3 d5 3. Bb2 dxe4 4. Nc3 Nf6 5. Qe2 Be7 6. O-O-O Bd7 7. g4 h6 8. Bg2 Bc6 9. h4 Qd4 10. g5 hxg5 11. hxg5 Rxh1 12. Bxh1 Nfd7 13. Nxe4 Ba3 14. c3 Bxb2+ 15. Kxb2 Qe5 16. d4 Qa5 17. g6 Nf8 18. gxf7+ Kxf7 19. Nf3 Nbd7 20. Nfg5+ Kg8 21. Bf3 Qf5 22. Bg4 Qf4 23. Rd3 Bxe4 24. Nxe4 Re8 25. Bh5 Re7 26. Rg3 Nf6 27. Nxf6+ Qxf6 28. Rf3 Qg5 29. Re3 c6 30. Bg4 Qf6 31. Re4 Kf7 32. Bh5+ g6 33. Bg4 Ke8 34. Qe3 Kd7 35. Qg3 Re8 36. Rf4 Qg7 37. Qf3 Ke7 38. Qe4 Rd8 39. Rf3 Rd6 40. Qe3 Nd7 41. Qg5+ Nf6 42. Qe5 Ne8 43. Qa5 Nf6 44. Bh3 Qh6 45. Qc7+ Rd7 46. Qg3 Qd2+ 47. Kb1 Qe1+ 48. Kb2 Qe2+ 49. Ka3 Qa6+ 50. Kb2 Qe2+ 51. Ka3 Qa6+ 52. Kb2 Qe2+ 1/2-1/2

[Event "OLNW 2324 Post SV Uelzen - Hamelner SV"]
[Site "?"]
[Date "2024.02.04"]
[Round "5.7"]
[White "Schmidt, Dennis"]
[Black "Mittelstaedt, Hendrik"]
[Result "0-1"]
[WhiteElo "2039"]
[BlackElo "2001"]
[PlyCount "70"]
[EventDate "2024.??.??"]

1. e4 e5 2. Nc3 Nf6 3. Bc4 Nxe4 4. Qh5 Nd6 5. Bb3 Nc6 6. Nb5 g6 7. Qf3 f5 8. Qd5 Qe7 9. Nxc7+ Kd8 10. Nxa8 b6 11. d3 Nd4 12. h4 f4 13. c3 Bb7 14. cxd4 exd4+ 15. Ne2 Bxd5 16. Bxd5 Bh6 17. Bf3 Nf7 18. O-O Qxh4 19. Nxd4 Bg7 20. Ne2 Be5 21. d4 Bd6 22. Bd5 Nh6 23. Bxf4 Bxf4 24. g3 Bxg3 25. fxg3 Qg5 26. Bf3 Qe3+ 27. Kg2 Rf8 28. Ng1 Nf5 29. Rf2 Qg5 30. g4 Ne3+ 31. Kg3 Qf4+ 32. Kh3 Nxg4 33. Rg2 Ne3 34. Re1 g5 35. Rxe3 Qh4# 0-1

[Event "OLNW 2324 Post SV Uelzen - Hamelner SV"]
[Site "?"]
[Date "2024.02.04"]
[Round "5.8"]
[White "Bogomolow, Sergej"]
[Black "Reichelt, Ole"]
[Result "1-0"]
[WhiteElo "2138"]
[BlackElo "1938"]
[PlyCount "67"]
[EventDate "2024.??.??"]

1. e4 e6 2. d4 d5 3. Nc3 Nf6 4. Bg5 dxe4 5. Nxe4 Be7 6. Bxf6 Bxf6 7. Nf3 O-O 8. Qd2 b6 9. O-O-O Bb7 10. Qf4 Nd7 11. Bd3 Bxe4 12. Bxe4 Rb8 13. h4 c5 14. d5 e5 15. Qe3 h5 16. Rhg1 b5 17. g4 Qa5 18. Kb1 Rb6 19. gxh5 Kh8 20. h6 g6 21. h5 Ra6 22. a3 b4 23. hxg6 fxg6 24. Rxg6 bxa3 25. b3 Nb6 26. Rdg1 Nc4 27. h7 a2+ 28. Ka1 Qd8 29. Rg8+ Rxg8 30. hxg8=Q+ Qxg8 31. Rxg8+ Kxg8 32. bxc4 Bg7 33. Qxc5 Bf8 34. Qc8 1-0

[Event "OLNW 2324 SK Ricklingen - SV Hellern"]
[Site "?"]
[Date "2024.02.25"]
[Round "6.1"]
[White "Hoffmann, Alexander"]
[Black "Ackermann, Dennie"]
[Result "1-0"]
[WhiteElo "2407"]
[BlackElo "2077"]
[PlyCount "57"]
[EventDate "2024.??.??"]

1. c4 e5 2. Nc3 Nf6 3. Nf3 e4 4. Ng5 c6 5. Qa4 d5 6. cxd5 b5 7. Qc2 b4 8. Ncxe4 Nxd5 9. Nf3 f5 10. Nc5 Bd6 11. e3 O-O 12. Be2 Qe7 13. Nb3 Nd7 14. Nbd4 N7b6 15. Nxc6 Qf6 16. d4 g5 17. Bd2 Bb7 18. Na5 Rac8 19. Qd3 Ba8 20. h3 Kh8 21. O-O Rg8 22. Rac1 Rcf8 23. Ne5 g4 24. hxg4 fxg4 25. e4 Nf4 26. Bxf4 Qxf4 27. Nac6 Nd7 28. g3 Qh6 29. Nxd7 1-0

[Event "OLNW 2324 SK Ricklingen - SV Hellern"]
[Site "?"]
[Date "2024.02.25"]
[Round "6.2"]
[White "Simon, Ralf-Axel"]
[Black "Gronde, Ingo"]
[Result "0-1"]
[WhiteElo "2029"]
[BlackElo "2301"]
[PlyCount "38"]
[EventDate "2024.??.??"]

1. Nf3 e6 2. e4 d5 3. exd5 exd5 4. d4 Bg4 5. Be3 Nf6 6. c4 Bb4+ 7. Nc3 O-O 8. Qb3 Nc6 9. O-O-O Bxc3 10. Qxc3 Ne4 11. Qa3 a5 12. h3 Be6 13. c5 Qb8 14. Qb3 a4 15. Qa3 b5 16. cxb6 Qxb6 17. g4 Rfb8 18. Bd3 Nb4 19. Bb1 Qc6+ 0-1

[Event "OLNW 2324 SK Ricklingen - SV Hellern"]
[Site "?"]
[Date "2024.02.25"]
[Round "6.3"]
[White "Boettcher, Christian"]
[Black "Schmidt, Benjamin"]
[Result "1/2-1/2"]
[WhiteElo "2187"]
[BlackElo "1891"]
[PlyCount "92"]
[EventDate "2024.??.??"]

1. e4 c5 2. Nf3 d6 3. c3 Nf6 4. Be2 g6 5. O-O Bg7 6. d3 O-O 7. Nbd2 Nc6 8. Re1 e5 9. a3 a5 10. Bf1 h6 11. a4 Be6 12. Nc4 Qc7 13. Na3 Rad8 14. Qc2 Qb8 15. Bd2 d5 16. h3 d4 17. cxd4 cxd4 18. Nc4 Rc8 19. Rec1 Nd7 20. Qd1 b6 21. Rab1 Nb4 22. b3 Rc6 23. Qe1 Rfc8 24. Bxb4 axb4 25. Qxb4 Bf8 26. Qd2 b5 27. axb5 Qxb5 28. Be2 Kh7 29. Ra1 Bb4 30. Qc2 Bc3 31. Ra2 R8c7 32. Bd1 f6 33. Nfd2 Nc5 34. Nb1 Bb4 35. Qe2 Ra6 36. Rcc2 Rca7 37. Rxa6 Qxa6 38. Rc1 Qa1 39. Bc2 Ra2 40. Qd1 Bxc4 41. Nd2 Qc3 42. Nxc4 Ba3 43. Nxa3 Rxa3 44. Kf1 Nxb3 45. Bxb3 Qxb3 46. Qxb3 Rxb3 1/2-1/2

[Event "OLNW 2324 SK Ricklingen - SV Hellern"]
[Site "?"]
[Date "2024.02.25"]
[Round "6.4"]
[White "Spiess, Thomas"]
[Black "Lehmann, Holger"]
[Result "0-1"]
[WhiteElo "2000"]
[BlackElo "2111"]
[PlyCount "98"]
[EventDate "2024.??.??"]

1. Nf3 Nf6 2. c4 g6 3. Nc3 c5 4. d4 cxd4 5. Nxd4 Bg7 6. e4 d6 7. f3 Nc6 8. Be3 O-O 9. Qd2 a5 10. O-O-O a4 11. Kb1 Qa5 12. Ndb5 Be6 13. Nd5 Bxd5 14. cxd5 Qxd2 15. Rxd2 Ne5 16. Be2 Ned7 17. Rc1 b6 18. Rc7 Rfb8 19. g4 h6 20. h4 Rd8 21. Rdc2 Ne8 22. Ra7 Rxa7 23. Nxa7 Nc5 24. Nc6 Rd7 25. Bb5 Rb7 26. Nd8 Rb8 27. Bxe8 Rxd8 28. Bc6 Rb8 29. Rc4 h5 30. gxh5 gxh5 31. Bg5 Kf8 32. Kc2 Be5 33. Rb4 Bg3 34. Bxa4 f6 35. Bh6+ Kf7 36. Bb5 Bxh4 37. e5 Bg3 38. e6+ Kg6 39. Be3 Kf5 40. Bxc5 dxc5 41. Re4 Rd8 42. Bc4 Kg5 43. Kb3 f5 44. f4+ Bxf4 45. Re1 h4 46. Ka4 h3 47. Kb5 h2 48. Kxb6 Rb8+ 49. Kxc5 Be3+ 0-1

[Event "OLNW 2324 SK Ricklingen - SV Hellern"]
[Site "?"]
[Date "2024.02.25"]
[Round "6.5"]
[White "Lewin, Tammo"]
[Black "Herrmann, Andreas"]
[Result "0-1"]
[WhiteElo "2089"]
[BlackElo "1996"]
[PlyCount "60"]
[EventDate "2024.??.??"]

1. d4 Nf6 2. c4 e6 3. Nc3 Bb4 4. e3 Ne4 5. Nge2 f5 6. Qc2 b6 7. a3 Bxc3+ 8. Nxc3 Bb7 9. Be2 Nxc3 10. Qxc3 O-O 11. O-O d6 12. b4 Nd7 13. Bb2 Qe7 14. Rfd1 a5 15. Rac1 Nf6 16. f3 c5 17. dxc5 dxc5 18. b5 Rfe8 19. Qe5 Rac8 20. Qd6 e5 21. Qxb6 f4 22. e4 Nxe4 23. fxe4 Bxe4 24. Bf3 Bxf3 25. gxf3 e4 26. Kh1 exf3 27. Qd6 Qxd6 28. Rxd6 Re2 29. Bc3 Rce8 30. Rd2 Re1+ 0-1

[Event "OLNW 2324 SK Ricklingen - SV Hellern"]
[Site "?"]
[Date "2024.02.25"]
[Round "6.6"]
[White "Arntz, Christoph"]
[Black "Happe, Reinhold"]
[Result "1/2-1/2"]
[WhiteElo "1972"]
[BlackElo "2095"]
[PlyCount "112"]
[EventDate "2024.??.??"]

1. f4 d5 2. Nf3 g6 3. e3 Bg7 4. d4 Nh6 5. Bd3 Bf5 6. O-O O-O 7. h3 Bxd3 8. cxd3 Nf5 9. g4 Nd6 10. Nc3 c6 11. Bd2 Nd7 12. Rc1 Rc8 13. Na4 f6 14. Nc5 Nxc5 15. dxc5 Nf7 16. Nd4 Qd7 17. f5 Nd8 18. Qf3 e5 19. Nb3 Nf7 20. e4 Rcd8 21. h4 gxf5 22. exf5 Bh6 23. Bxh6 Nxh6 24. Rc2 Kh8 25. Rg2 Rde8 26. Qe3 Ng8 27. Nd2 Ne7 28. d4 Ng8 29. g5 fxg5 30. dxe5 Rxf5 31. Rxf5 Qxf5 32. Rxg5 Qc2 33. Qd4 Re6 34. Nf3 Qe4 35. Qxe4 dxe4 36. Nd4 Re8 37. Kf2 h6 38. Rf5 Ne7 39. Rf6 Nd5 40. Rxh6+ Kg8 41. e6 Rf8+ 42. Ke1 Nf4 43. e7 Re8 44. Nf5 Nd5 45. Re6 e3 46. Nxe3 Nf4 47. Re4 Nd3+ 48. Kd2 Nxc5 49. Re5 Nd7 50. Rg5+ Kf7 51. Nf5 Kf6 52. b4 Ne5 53. Kc3 Nf7 54. Rg7 Kxf5 55. Rxf7+ Kg6 56. Rf4 Rxe7 1/2-1/2

[Event "OLNW 2324 SK Ricklingen - SV Hellern"]
[Site "?"]
[Date "2024.02.25"]
[Round "6.7"]
[White "Hart, Martin"]
[Black "Ploog, Martin"]
[Result "1-0"]
[WhiteElo "2057"]
[BlackElo "2002"]
[PlyCount "135"]
[EventDate "2024.??.??"]

1. e4 c5 2. Nc3 Nc6 3. g3 g6 4. Bg2 Bg7 5. d3 d6 6. f4 e6 7. Nf3 Nge7 8. O-O O-O 9. Be3 b6 10. d4 d5 11. e5 Nf5 12. Bf2 cxd4 13. Nxd4 Ncxd4 14. Bxd4 Ba6 15. Re1 Nxd4 16. Qxd4 Qe7 17. Qa4 Qc5+ 18. Kh1 Bb7 19. Rac1 Bc6 20. Qb3 b5 21. Ne2 d4 22. Rcd1 Rfd8 23. Bxc6 Qxc6+ 24. Kg1 Qb6 25. Rd3 Rac8 26. g4 Qc5 27. Rc1 g5 28. f5 Qxe5 29. Ng3 Qd5 30. Qa3 e5 31. Qe7 h6 32. Nh5 Re8 33. Qf6 Bf8 34. Qxh6 Bxh6 35. Nf6+ Kf8 36. Nxd5 Red8 37. Nf6 Rc6 38. Ne4 Rdc8 39. f6 Rxc2 40. Rxc2 Rxc2 41. Rh3 Kg8 42. Rxh6 d3 43. Kf1 Rc4 44. Nf2 Rc1+ 45. Kg2 d2 46. Rh5 d1=Q 47. Nxd1 Rxd1 48. Rxg5+ Kf8 49. Rxe5 Rd2+ 50. Kf3 Rxb2 51. Re2 Rb4 52. h4 a5 53. h5 Ra4 54. Kg3 Rd4 55. Re5 Rb4 56. Rg5 Rb1 57. h6 Rd1 58. Rxb5 Kg8 59. g5 Rg1+ 60. Kf4 Rf1+ 61. Ke5 Re1+ 62. Kd6 a4 63. Ra5 Re4 64. Re5 Rd4+ 65. Ke7 Rb4 66. h7+ Kxh7 67. Kxf7 Rg4 68. g6+ 1-0

[Event "OLNW 2324 SK Ricklingen - SV Hellern"]
[Site "?"]
[Date "2024.02.25"]
[Round "6.8"]
[White "Polnau, Manuel"]
[Black "Stock, Joerg"]
[Result "1/2-1/2"]
[WhiteElo "2015"]
[BlackElo "2075"]
[PlyCount "124"]
[EventDate "2024.??.??"]

1. e4 c6 2. d4 d5 3. Nc3 dxe4 4. Nxe4 Bf5 5. Ng3 Bg6 6. N1e2 e6 7. h4 h6 8. Nf4 Bh7 9. Bc4 Nf6 10. Qe2 Bd6 11. Nfh5 O-O 12. Nxf6+ Qxf6 13. Nh5 Qxd4 14. c3 Qe4 15. Qxe4 Bxe4 16. Bxh6 Bg6 17. Nxg7 Kh7 18. Nxe6 fxe6 19. Bxf8 Bxf8 20. h5 Be8 21. Bxe6 Na6 22. O-O-O Nc7 23. Bf5+ Kh6 24. g4 Nd5 25. Rd4 Bc5 26. Re4 Bxf2 27. Re6+ Kg5 28. Re2 Bc5 29. Be6 Nf4 30. Re5+ Kf6 31. Rf5+ Kxe6 32. Re1+ Kd7 33. Rxf4 Bd6 34. Rf6 Bg3 35. Re4 Bh4 36. Rf5 Kc7 37. g5 Bd7 38. Re7 Kd6 39. Rxd7+ Kxd7 40. h6 Ke6 41. Rf6+ Ke5 42. Rg6 Kf5 43. Rg7 Bxg5+ 44. Kc2 Bxh6 45. Rxb7 Ke6 46. b4 Be3 47. c4 Rd8 48. c5 Rd7 49. Rb8 Kd5 50. Kb3 Bf4 51. Rc8 Bc7 52. Rh8 Rg7 53. Rh6 Be5 54. Rh5 Rg3+ 55. Ka4 Re3 56. Rh7 Kc4 57. Rxa7 Bb2 58. Ka5 Ra3+ 59. Kb6 Rxa7 60. Kxa7 Kb5 61. a4+ Kxa4 62. Kb6 Kxb4 1/2-1/2

[Event "OLNW 2324 Hamelner SV - Delmenhorster SK"]
[Site "?"]
[Date "2024.02.25"]
[Round "6.1"]
[White "Pahl, Theis"]
[Black "Bode, Wilfried"]
[Result "0-1"]
[WhiteElo "2086"]
[BlackElo "2340"]
[PlyCount "41"]
[EventDate "2024.??.??"]

1. c4 e6 2. g3 d5 3. Bg2 Nf6 4. Nf3 Be7 5. O-O O-O 6. b3 b6 7. Bb2 Bb7 8. d4 Nbd7 9. Nbd2 c5 10. cxd5 exd5 11. dxc5 bxc5 12. Qc2 Qb6 13. Rfe1 Rfe8 14. e4 Nxe4 15. Nxe4 dxe4 16. Nd2 f5 17. Qc4+ Kh8 18. f3 Bf6 19. Bxf6 Nxf6 20. fxe4 Rad8 21. Re2 0-1

[Event "OLNW 2324 Hamelner SV - Delmenhorster SK"]
[Site "?"]
[Date "2024.02.25"]
[Round "6.2"]
[White "Tonndorf, Matthias"]
[Black "Pahl, Erik"]
[Result "1/2-1/2"]
[WhiteElo "2165"]
[BlackElo "2162"]
[PlyCount "95"]
[EventDate "2024.??.??"]

1. e4 c5 2. Nf3 e6 3. d4 cxd4 4. Nxd4 Nf6 5. Nc3 Nc6 6. g3 d5 7. Bg2 Bb4 8. exd5 Nxd5 9. Nxc6 bxc6 10. O-O O-O 11. Ne2 Ba6 12. c3 Bc5 13. Qc2 Qf6 14. a3 Bc4 15. Qe4 Nb6 16. Bf4 Rad8 17. Rae1 Bd5 18. Qc2 e5 19. Bc1 Qg6 20. Qxg6 hxg6 21. b4 Be7 22. Bxd5 cxd5 23. f4 Bf6 24. fxe5 Bxe5 25. Be3 Rfe8 26. Bc5 Nc4 27. Nd4 Bxd4+ 28. cxd4 a6 29. a4 Nb2 30. Ra1 Re2 31. Rf2 Rde8 32. Rxe2 Rxe2 33. b5 axb5 34. axb5 Nc4 35. b6 Rb2 36. Ra8+ Kh7 37. Rd8 Nxb6 38. Bxb6 Rxb6 39. Rxd5 Rb2 40. Rd7 Rd2 41. h4 f5 42. Rd8 g5 43. hxg5 Kg6 44. Rd7 Kxg5 45. Rxg7+ Kf6 46. Rd7 Ke6 47. Rd8 Ke7 48. Rd5 1/2-1/2

[Event "OLNW 2324 Hamelner SV - Delmenhorster SK"]
[Site "?"]
[Date "2024.02.25"]
[Round "6.3"]
[White "Mossakowski, Florian"]
[Black "Helmer, Jan"]
[Result "1-0"]
[WhiteElo "2282"]
[BlackElo "2212"]
[PlyCount "71"]
[EventDate "2024.??.??"]

1. e4 c5 2. Nf3 Nc6 3. d4 cxd4 4. Nxd4 e5 5. Nb5 d6 6. c4 Be6 7. N1c3 a6 8. Na3 g6 9. Bd3 Bg7 10. O-O Nf6 11. Nd5 O-O 12. Nc2 b5 13. Nxf6+ Bxf6 14. cxb5 axb5 15. Bxb5 Nd4 16. Nxd4 exd4 17. Bh6 Qb6 18. Bxf8 Qxb5 19. Bxd6 Bc4 20. Re1 d3 21. e5 Bg5 22. Qg4 h6 23. h4 d2 24. hxg5 dxe1=Q+ 25. Rxe1 h5 26. Qf4 Bxa2 27. e6 Bxe6 28. Be5 Qd5 29. Qf6 Kf8 30. Bc3 Rc8 31. Re5 Qd1+ 32. Kh2 Rc4 33. Re1 Qd5 34. Ra1 Rc7 35. Ra8+ Bc8 36. Rxc8+ 1-0

[Event "OLNW 2324 Hamelner SV - Delmenhorster SK"]
[Site "?"]
[Date "2024.02.25"]
[Round "6.4"]
[White "Renner, Kai"]
[Black "Hedke, Fred"]
[Result "1/2-1/2"]
[WhiteElo "2082"]
[BlackElo "2204"]
[PlyCount "84"]
[EventDate "2024.??.??"]

1. e4 e5 2. Nf3 Nc6 3. Bb5 a6 4. Ba4 Nf6 5. O-O Be7 6. Re1 b5 7. Bb3 d6 8. a4 Bb7 9. c3 O-O 10. d3 h6 11. Nbd2 Re8 12. Nf1 Bf8 13. Ng3 Na5 14. Bc2 c5 15. d4 exd4 16. cxd4 cxd4 17. Nxd4 b4 18. b3 Nc6 19. Nxc6 Bxc6 20. Bb2 a5 21. Qd4 d5 22. e5 Ne4 23. Nxe4 dxe4 24. Bxe4 Qxd4 25. Bxd4 Bxe4 26. Rxe4 Rad8 27. Bb6 Rd5 28. f4 Rc8 29. Rae1 Rc6 30. Rd4 Rdc5 31. Bxc5 Bxc5 32. Red1 f6 33. Kf2 fxe5 34. fxe5 Re6 35. Kf3 Bxd4 36. Rxd4 Rxe5 37. Rd7 Rc5 38. Ke3 Rc2 39. Rd2 Rc3+ 40. Rd3 Rc2 41. Rd1 Rc3+ 42. Rd3 Rc2 1/2-1/2

[Event "OLNW 2324 Hamelner SV - Delmenhorster SK"]
[Site "?"]
[Date "2024.02.25"]
[Round "6.5"]
[White "Chokhonelidze, Giorgi"]
[Black "Koch, Yannick"]
[Result "1-0"]
[WhiteElo "2280"]
[BlackElo "1982"]
[PlyCount "123"]
[EventDate "2024.??.??"]

1. Nf3 d5 2. c4 e6 3. b3 d4 4. Bb2 Nc6 5. d3 Bb4+ 6. Nbd2 a5 7. a3 Be7 8. g3 Nf6 9. Bg2 O-O 10. O-O e5 11. Qc2 Re8 12. Rfe1 Nd7 13. e3 Nc5 14. exd4 exd4 15. Ne4 Bf5 16. Nxc5 Bxc5 17. Nh4 Bg4 18. h3 Be6 19. Kh2 Qd7 20. Qd2 Rad8 21. Re2 Qd6 22. f4 Bd7 23. Be4 b6 24. Bc1 Ne7 25. f5 Bc6 26. Qg5 f6 27. Qh5 Qd7 28. Raa2 Bxe4 29. Rxe4 Nc6 30. Rae2 Rxe4 31. Rxe4 Ne5 32. Qe2 Qf7 33. Ng2 Qd7 34. Nh4 Qf7 35. Nf3 Nxf3+ 36. Qxf3 Re8 37. Qe2 Rxe4 38. Qxe4 Qd7 39. Bb2 Kf7 40. Kg2 g6 41. g4 Qd6 42. Qd5+ Kg7 43. Qxd6 Bxd6 44. Bc1 Kf7 45. Kf3 Ke7 46. Ke4 c5 47. Kd5 Kd7 48. fxg6 hxg6 49. h4 Bf8 50. Bd2 Bg7 51. h5 g5 52. Be1 Bf8 53. Bg3 Bg7 54. Bd6 Bh6 55. Bg3 Bg7 56. Bf2 Bf8 57. Be1 Bg7 58. Bd2 Bf8 59. Be1 Bg7 60. a4 Bf8 61. Bg3 Bg7 62. Ke4 1-0

[Event "OLNW 2324 Hamelner SV - Delmenhorster SK"]
[Site "?"]
[Date "2024.02.25"]
[Round "6.6"]
[White "van Son, Lutz"]
[Black "Juhnke, Karl"]
[Result "1-0"]
[WhiteElo "2159"]
[BlackElo "2140"]
[PlyCount "99"]
[EventDate "2024.??.??"]

1. e4 c5 2. Nf3 d6 3. Bb5+ Nd7 4. O-O a6 5. Bd3 Ngf6 6. a4 b6 7. c3 Bb7 8. Re1 e6 9. Bc2 Be7 10. d4 O-O 11. Bg5 Re8 12. Nbd2 h6 13. Bh4 Nh5 14. Bxe7 Qxe7 15. Nf1 cxd4 16. cxd4 Nhf6 17. Ng3 d5 18. e5 Nh7 19. Qd3 Nhf8 20. Qb3 Rec8 21. Bd3 Rc7 22. Ne2 Rac8 23. Nc3 f6 24. exf6 Qxf6 25. Re3 Kh8 26. Rae1 Qf4 27. g3 Qf7 28. Ne5 Nxe5 29. Rxe5 Rc6 30. Qd1 Nd7 31. R5e3 Rf8 32. f4 Qf6 33. Bb1 g6 34. Kg2 h5 35. Qd3 Kg7 36. Ne2 Rc4 37. b3 Rb4 38. Qc3 Qe7 39. f5 Rc8 40. Qd3 e5 41. fxg6 e4 42. Nf4 Nf6 43. Qd1 Kh6 44. Qd2 Kg7 45. Rf1 Qd6 46. Bc2 a5 47. Bd1 Rh8 48. Rc3 Bc8 49. Qf2 Qe7 50. Qe3 1-0

[Event "OLNW 2324 Hamelner SV - Delmenhorster SK"]
[Site "?"]
[Date "2024.02.25"]
[Round "6.7"]
[White "Thimm, Torsten"]
[Black "Schmidt, Dennis"]
[Result "0-1"]
[WhiteElo "2027"]
[BlackElo "2039"]
[PlyCount "64"]
[EventDate "2024.??.??"]

1. e4 c5 2. c3 Nf6 3. e5 Nd5 4. d4 cxd4 5. Nf3 e6 6. Qxd4 Nc6 7. Qg4 Qc7 8. Qe4 f5 9. exf6 Nxf6 10. Qh4 Be7 11. Bg5 Ne5 12. Nbd2 O-O 13. O-O-O Ng6 14. Qa4 d5 15. Bd3 Bd7 16. Qc2 Nf4 17. Bxh7+ Nxh7 18. Bxe7 Rf7 19. Bh4 e5 20. Nf1 Bf5 21. Qb3 d4 22. Bg3 Be6 23. Qc2 Bf5 24. Qb3 Be6 25. Qc2 Bf5 26. Qb3 Be6 27. Qa4 dxc3 28. b3 c2 29. Rd2 Qc3 30. Rxc2 Qa1+ 31. Kd2 Rd8+ 32. Ke3 Rd3+ 0-1

[Event "OLNW 2324 Hamelner SV - Delmenhorster SK"]
[Site "?"]
[Date "2024.02.25"]
[Round "6.8"]
[White "Reichelt, Ole"]
[Black "Grebener, Soeren"]
[Result "1/2-1/2"]
[WhiteElo "1938"]
[BlackElo "1974"]
[PlyCount "105"]
[EventDate "2024.??.??"]

1. d4 d5 2. c4 c6 3. cxd5 cxd5 4. Nf3 Nc6 5. Nc3 Nf6 6. Bf4 Bf5 7. Qb3 Na5 8. Qa4+ Bd7 9. Qc2 Rc8 10. e3 g6 11. Bd3 Bg7 12. O-O O-O 13. Qe2 a6 14. Ne5 b5 15. Rac1 Bf5 16. Bxf5 gxf5 17. Bg5 Nc4 18. Rc2 Ne4 19. Nxe4 fxe4 20. Rfc1 Bxe5 21. dxe5 Qd7 22. Bh6 Rfe8 23. Qh5 Qe6 24. f4 Qg6 25. Qxg6+ hxg6 26. b3 Nb6 27. Bg5 Rxc2 28. Rxc2 Rc8 29. Rxc8+ Nxc8 30. Kf2 Kg7 31. Ke2 f6 32. exf6+ exf6 33. Bh4 Ne7 34. a3 Kf7 35. g4 Nc6 36. Bf2 Na5 37. Kd2 Nxb3+ 38. Kc3 Nc5 39. Be1 Nd3 40. Bd2 g5 41. f5 Ke7 42. Kd4 Kd6 43. h3 Ne5 44. Bb4+ Kc6 45. Be7 Nd7 46. Bd8 Kd6 47. Kc3 Kc5 48. Be7+ Kc6 49. Bd8 Kd6 50. Kd4 Kc6 51. Kc3 Kd6 52. Kd4 Kc6 53. Kc3 1/2-1/2

[Event "OLNW 2324 SV Werder Bremen III - SK Unio"]
[Site "Bremen"]
[Date "2024.02.25"]
[Round "6.1"]
[White "Wittje, Berthold"]
[Black "Lichmann, Peter"]
[Result "1/2-1/2"]
[WhiteElo "2258"]
[BlackElo "2334"]
[PlyCount "58"]
[EventDate "2024.??.??"]

1. Nf3 Nf6 2. g3 g6 3. Bg2 Bg7 4. c4 O-O 5. d4 d6 6. O-O Nbd7 7. Nc3 e5 8. e4 Re8 9. h3 c6 10. Be3 Qe7 11. Qc2 exd4 12. Nxd4 Nc5 13. Rfe1 a5 14. Rad1 Be6 15. b3 Nfd7 16. f4 f6 17. Nxe6 Qxe6 18. Qd2 Bf8 19. Bf2 Qf7 20. Qc2 Rac8 21. h4 Kh8 22. Bh3 Rcd8 23. Re2 g5 24. hxg5 fxg5 25. Bf5 Ne6 26. Be3 Ng7 27. Bd4 Kg8 28. fxg5 Ne5 29. Rf2 Qh5 1/2-1/2

[Event "OLNW 2324 SV Werder Bremen III - SK Unio"]
[Site "Bremen"]
[Date "2024.02.25"]
[Round "6.2"]
[White "Kardoeus, David"]
[Black "Mueer, Sebastian"]
[Result "1-0"]
[WhiteElo "2161"]
[BlackElo "2160"]
[PlyCount "51"]
[EventDate "2024.??.??"]

1. d4 Nf6 2. c4 e6 3. Nf3 d5 4. g3 dxc4 5. Bg2 c6 6. O-O b5 7. b3 cxb3 8. Qxb3 Bb7 9. Ne5 Qxd4 10. Bb2 Qb4 11. Qc2 Qc5 12. Qd3 Be7 13. Nd2 Qb6 14. a4 O-O 15. axb5 Rd8 16. Ndc4 Qxb5 17. Qc2 a5 18. Rfb1 Nd5 19. Nxf7 Nb4 20. Qc3 Bf6 21. Nh6+ Kf8 22. Qf3 Ke7 23. Bxf6+ gxf6 24. Qe4 Rh8 25. Nf7 f5 26. Qh4+ 1-0

[Event "OLNW 2324 SV Werder Bremen III - SK Unio"]
[Site "Bremen"]
[Date "2024.02.25"]
[Round "6.3"]
[White "Meessen, Max"]
[Black "Efimenko, Maria"]
[Result "1/2-1/2"]
[WhiteElo "2129"]
[BlackElo "2223"]
[PlyCount "54"]
[EventDate "2024.??.??"]

1. d4 d6 2. c4 e5 3. d5 f5 4. e4 Nf6 5. exf5 Bxf5 6. Nc3 Be7 7. Nge2 c6 8. Ng3 Bg6 9. Bd3 Bf7 10. Be4 O-O 11. O-O Na6 12. Be3 Nc7 13. Rc1 b5 14. dxc6 bxc4 15. Bc2 d5 16. f4 exf4 17. Bxf4 Ne6 18. Be5 d4 19. c7 Nxc7 20. Qxd4 Qxd4+ 21. Bxd4 Ne6 22. Nf5 Nxd4 23. Nxe7+ Kh8 24. Nf5 Nxc2 25. Rxc2 Bg6 26. Rcf2 Rab8 27. Nd4 Bd3 1/2-1/2